书目信息 |
| 题名: |
人文讲坛讲演录
|
|
| 作者: | 刘尊明 主编 ;湖北大学文学院 编 | |
| 分册: | 第1辑 | |
| 出版信息: | 武汉 湖北人民出版社 2004.09 |
|
| 页数: | 223页 | |
| 开本: | 20cm | |
| 丛书名: | ||
| 单 册: | ||
| 中图分类: | C53 | |
| 科图分类: | ||
| 主题词: | 人文科学--ren wen ke xue--文集 | |
| 电子资源: | ||
| ISBN: | 7-216-04045-7 | |
| 000 | 00927nam0 2200241 450 | |
| 001 | 012008648411 | |
| 005 | 20080430110207.06 | |
| 010 | @a7-216-04045-7@dCNY19.00 | |
| 100 | @a20080430d2004 em y0chiy0120 ea | |
| 101 | 0 | @achi |
| 102 | @aCN@b420000 | |
| 105 | @ay z 000yy | |
| 106 | @ar | |
| 200 | 1 | @a人文讲坛讲演录@Aren wen jiang tan jiang yan lu@h第1辑@h上@f刘尊明主编@Fliu zun ming zhu bian@g湖北大学文学院编@Ghu bei da xue wen xue yuan bian |
| 210 | @a武汉@c湖北人民出版社@d2004.09 | |
| 215 | @a223页@d20cm | |
| 330 | @a本书为湖北大学发起的人文讲坛讲演录。主要有《理想崇高踏平坎坷成才》、《王力先生的治学精神》、《著书敢期延岁月湖山倘许小盘桓》、《哈佛访学的感想》等讲演稿。 | |
| 606 | 0 | @a人文科学@Aren wen ke xue@j文集 |
| 690 | @aC53@v4 | |
| 701 | 0 | @a刘尊明@Aliu zun ming@4主编 |
| 712 | 02 | @a湖北大学文学院@Ahu bei da xue wen xue yuan@4编 |
| 801 | 0 | @aCN@bQSSK@c20080430 |
| 905 | @b299673-75@dC53@eL734:1@f3 | |
| 人文讲坛讲演录.第1辑.上/刘尊明主编/湖北大学文学院编.-武汉:湖北人民出版社,2004.09 |
| 223页;20cm |
| ISBN 7-216-04045-7:CNY19.00 |
| 本书为湖北大学发起的人文讲坛讲演录。主要有《理想崇高踏平坎坷成才》、《王力先生的治学精神》、《著书敢期延岁月湖山倘许小盘桓》、《哈佛访学的感想》等讲演稿。 |
| ● |
| 相关链接 |
|
|
|
正题名:人文讲坛讲演录
索取号:C53/L734:1
 
预约/预借
| 序号 | 登录号 | 条形码 | 馆藏地/架位号 | 状态 | 备注 |
| 1 | 299673 | 202996730 | 社科库509/509社科库 54排6列2层/ [索取号:C53/L734:1] | 在馆 | |
| 2 | 299674 | 202996749 | 社科库509/509社科库 54排6列2层/ [索取号:C53/L734:1] | 在馆 | |
| 3 | 299675 | 202996758 | 社科库509/509社科库 54排6列2层/ [索取号:C53/L734:1] | 在馆 |